LEADER 01156cam0-22004091i-450- 001 990006664750403321 005 20090901124506.0 010 $a0-226-25134-9 035 $a000666475 035 $aFED01000666475 035 $a(Aleph)000666475FED01 035 $a000666475 100 $a20010426d1980----km-y0itay50------ba 101 0 $aeng 102 $aUS 105 $ay-------001yy 200 1 $aRational expectations and economic policy$fedited by Stanley Fischer 210 $aChicago$cUniversity of Chicago Press$d1980 215 $aIX, 293 p.$d22 cm 225 1 $aNational bureau of economic research conference report 610 0 $aPolitica monetaria$aStati Uniti 676 $aF/1.221 676 $aJ/5 702 1$aFischer,$bStanley$f<1943- > 801 0$aIT$bUNINA$gRICA$2UNIMARC 901 $aBK 912 $a990006664750403321 952 $aVI A 297$b20987$fFSPBC 952 $aD8.21$b8087$fDECTS 952 $aXV L1 39$b2514$fDTE 952 $aJ/5 FIS$b4695$fSES 959 $aFSPBC 959 $aDECTS 959 $aDTE 959 $aSES 996 $aRational expectations and economic policy$9612866 997 $aUNINA LEADER 01202nam--2200397---450- 001 990002743440203316 005 20070206114301.0 010 $a88-15-10683-9 035 $a000274344 035 $aUSA01000274344 035 $a(ALEPH)000274344USA01 035 $a000274344 100 $a20060524h2005----km-y0itay50------ba 101 0 $aita 102 $aIT 105 $ay|||z|||001yy 200 1 $aDalle parole ai dizionari$fMarcello Aprile 210 $aBologna$cIl Mulino$dcopyr. 2005 215 $a231 p.$d21 cm 225 2 $aItinerari$iLinguistica 410 0$12001$aItinerari$iLinguistica 606 0 $aLingua italiana$xLessico 676 $a458.1 700 1$aAPRILE,$bMarcello$0174933 801 0$aIT$bsalbc$gISBD 912 $a990002743440203316 951 $aIV.2. 1518(XII C 123)$b48041 G.$cIV.2.$d00176799 951 $aIV.2. 1518a$b196353 L.M.$cIV.2.$d00120726 951 $aIV.2. 1518b$b196354 L.M.$cIV.2.$d00120727 959 $aBK 969 $aUMA 979 $aANNAMARIA$b90$c20060524$lUSA01$h1003 979 $aANNAMARIA$b90$c20060524$lUSA01$h1122 979 $aANNAMARIA$b90$c20070206$lUSA01$h1143 996 $aDalle parole ai dizionari$986116 997 $aUNISA